000 00550nam a2200193Ia 4500
005 20260415160318.0
008 008 250505s9999 xx 000 0 eng d
037 _aTextual
040 _aFEDL
_beng
_cFEDL
041 _aeng
_2eng
084 _a540 HOG
_qFEDL
100 _aHogg John C
_9755584
245 0 _aElementry general chimistry
260 _aNew York, USA
_bD Van Nostrand Company
_c1945
300 _aix,603p
700 _a Bickel Charles L
_9756048
942 _cTEXL
_h540 HOG
999 _c1321551
_d1321551